00454 2200181 4500001002100000005001500021035002000036007000300056008004100059020002200100100002000122245003400142250000600176260004800182300001400230082001100244084001700255INLIS00000000000093920220323102050 a0010-0122000136ta220323 g 0 ind  a978-979-005-037-20 aKuraesin, Titin1 aSULAM PAYET /cTITIN KURAESIN a2 aBandung :bPT. Karsa Mandiri Persada,c2009 a74 :bils a764.44 a764.44 KUR s